00385nam a22001337a 450000500170000000800410001702000230005805000250008110000250010624500310013125000180016226000580018030000130023820260203103821.0260203b |||||||| |||| 00| 0 eng d aISBN 0-8016-4685-5 aQR 46 .C35 1985 C.1 aAlice Lorraine Smith aPRINCIPLES OF MICROBIOLOGY aTenth Edition aSt.LouisbTimes Mirror/Mosby College Publishingc1985 a929pages